00973nam a2200217 a 450000100100000000500170001000800410002704000250006810000330009324000540012624501910018026000460037130000210041749000230043870000270046170000330048883000300052104900090055195201780056099900170073800003582720200930074638.0111115s1982 xxua 000 0 spa d aDO-SdBNPbspacBNPHU1 aBoswell, John,d1945-96179410aThe U. S. Armed Forces survival manual.linglés10aManual de supervivencia :bel libro de las fuerzas armadas de los Estados Unidos /cJohn Boswell en colaboración con George Reiger ; traducción al español por J. López de Castro. aBarcelona :bEdiciones Martínez,c1982. a348 p. ;c20 cm.1 aFontana práctica12aReiger, George.96179512aLópez de Castro, J.961796 0aFontana práctica948710 aBNPD 001050718MOaGRbGRcCTd2011-11-15iLF1l0o p35827-10r2020-06-25w2020-06-25y1zPerteneció a la biblioteca personal de Juan Isidro Jimenes Grullón.ZNo se presta c35318d35318